| 000 | 00510nam a2200181Ii 4500 | ||
|---|---|---|---|
| 003 | JO-AjNU | ||
| 008 | 230606s9999||||xx |||||||||||||| ||und|| | ||
| 040 |
_aJO-AjNU _beng _erda _cJO-AjNU |
||
| 041 | _aeng | ||
| 050 | 1 | 4 | _aKFL30.2005 |
| 100 | 3 |
_aGOYAL ، RAJNI, _eauthor _91336 |
|
| 245 | 0 | 0 | _aMAJOR CONSTITUTIONS |
| 264 | 3 | 1 | _aNEW DEIHI : GALGOTIA PUBLICATIONS PVT . ITD، 2004 |
| 300 | _a943p | ||
| 336 |
_atext _btxt _2rdacontent |
||
| 337 |
_aunmediated _bn _2rdamedia |
||
| 338 |
_avolume _bnc _2rdacarrier |
||
| 999 |
_aE704 _c704 _d704 |
||